Beyond "hotspots": how to prioritize investments to conserve biodiversity in the indo-pacific region (Registro nro. 11892)

Detalles MARC
000 -CABECERA
Campo de control 006900000a22002170004500
090 ## - CLASIFICACIÓN LOCAL
Colección AR
Consecutivo 02832
041 0# - IDIOMA
Código de idioma para texto/pista de sonido o título separado
100 1# - ASIENTO PRINCIPAL--NOMBRE PERSONAL
Nombre personal Dinerstein, Eric
245 10 - MENCION DE TITULO
Título Beyond "hotspots": how to prioritize investments to conserve biodiversity in the indo-pacific region
650 14 - ASIENTO SECUNDARIO DE MATERIA - TERMINO TEMATICO
Término temático o nombre geográfico como elemento de entrada Areas protegidas
650 14 - ASIENTO SECUNDARIO DE MATERIA - TERMINO TEMATICO
Término temático o nombre geográfico como elemento de entrada Biodiversidad
650 14 - ASIENTO SECUNDARIO DE MATERIA - TERMINO TEMATICO
Término temático o nombre geográfico como elemento de entrada Biología de la conservación
650 14 - ASIENTO SECUNDARIO DE MATERIA - TERMINO TEMATICO
Término temático o nombre geográfico como elemento de entrada Prioridades de conservación
651 #4 - ASIENTO SECUNDARIO DE MATERIA - NOMBRE GEOGRAFICO
-- China
651 #4 - ASIENTO SECUNDARIO DE MATERIA - NOMBRE GEOGRAFICO
-- Indonesia
651 #4 - ASIENTO SECUNDARIO DE MATERIA - NOMBRE GEOGRAFICO
-- India
651 #4 - ASIENTO SECUNDARIO DE MATERIA - NOMBRE GEOGRAFICO
-- Tailandia
700 1# - ASIENTO SECUNDARIO - NOMBRE PERSONAL
Nombre personal Wikramanayake, Eric
773 1# - Item fuente:
Título Conservation Biology
Especificación de materiales 24
Descripción física 1
Paginas del Articulo 53-65
Lugar, editorial y fecha de publicación 1993
Información sobre la relación 7
942 ## - ELEMENTOS ADICIONALES (KOHA)
Tipo de ítem Artículo
Existencias
Withdrawn status Lost status Damaged status No para préstamo Colección Ubicación Permanente Ubicación actual Fecha de adquisición Fuente de Valor Datos de publicación Seriada Total Checkouts Número topográfico Inventario / Código de Barras Date last seen Ejemplar Price effective from Forma de adquisición Tipo de material
      No para Préstamo Hemeroteca Bogotá Bogotá 27/02/2015 Matallana, Clara Fuera de circulación   AR 02832 013241 25/03/2015 1 25/03/2015   Artículo